Does the credible fiscal policy support the prices stabilisation?
Analýza vzťahu fiškálnej a menovej politiky v Indonézii (2001-2013). Paradox - dôveryhodnosť politiky dlhových pravidiel znižuje infláciu a stabilizáciu cien, avšak samotná politika dlhových pravidiel inflačné cielenie neovplyvňuje.
Gespeichert in:
| 1. Verfasser: | |
|---|---|
| Format: | Buchkapitel |
| Sprache: | Englisch |
| Schlagworte: | |
| Tags: |
Keine Tags, Fügen Sie das erste Tag hinzu!
|
MARC
| LEADER | 00000naa a2200000 4500 | ||
|---|---|---|---|
| 001 | 0205939 | ||
| 005 | 20231129092226.5 | ||
| 041 | 0 | |a eng | |
| 044 | |a CZ | ||
| 245 | 1 | 0 | |a Does the credible fiscal policy support the prices stabilisation? |c Haryo Kuncoro |
| 520 | |a Analýza vzťahu fiškálnej a menovej politiky v Indonézii (2001-2013). Paradox - dôveryhodnosť politiky dlhových pravidiel znižuje infláciu a stabilizáciu cien, avšak samotná politika dlhových pravidiel inflačné cielenie neovplyvňuje. | ||
| 610 | 2 | 0 | |a pravidlá rozpočtové |
| 610 | 2 | 0 | |a deficit |
| 610 | 2 | 0 | |a dlhy štátne |
| 610 | 2 | 0 | |a miera inflácie |
| 610 | 2 | 0 | |a cielenie inflácie |
| 610 | 2 | 0 | |a hospodárstvo otvorené |
| 610 | 2 | 0 | |a politika menová |
| 610 | 2 | 0 | |a politika fiškálna |
| 610 | 2 | 0 | |a stabilita cien |
| 100 | 1 | |a Kuncoro, Haryo | |